La penumbra incoveniente /

Salvato in:
Dettagli Bibliografici
Autore principale: Montiel Figueiras, Mauricio (autor)
Natura: Libro
Lingua:spagnolo
Pubblicazione: Barcelona, España : Acantilado, 2001, c2001
Serie:(Narrativa del Acantilado ; 16)
Soggetti:
Tags: Aggiungi Tag
Nessun Tag, puoi essere il primo ad aggiungerne!!

MARC

LEADER 00000nam^a2200000^a^4500
001 000129955
005 20250521000000.0
009 20260310094930.901
020 |a 84-95359-54-5 
037 |a Acervo ITESO - Biblioteca 
041 |a ESP 
082 |a 863.  |b MON 
100 |a Montiel Figueiras, Mauricio  |e (autor) 
245 1 3 |a La penumbra incoveniente /  |c M. Montiel Figueiras. 
264 4 |a Barcelona, España :  |b Acantilado,  |c 2001, c2001 
300 |a 344 p. 
336 |a texto  |b txt  |2 rdacontenido 
337 |a sin mediación  |b n  |2 rdamedio 
338 |a volumen  |b nc  |2 rdasoporte 
440 1 |a (Narrativa del Acantilado ;  |v 16) 
649 |a XX 
650 |a Cuentos Jaliscienses 
650 |a Cuentos Mexicanos 
650 |a Literatura Jalisciense -  |y Siglo XX 
650 |a Literatura Mexicana -  |y Siglo XX 
910 |a Fondo General 
920 |a Impresos - Libros 
930 |a Colección General 
940 |a Literatura 
905 |a 101 
901 |a 0500059835  |b IT1  |c LIT  |u 20250521 
901 |a 0500074511  |b IT1  |c LIT  |u 20250521 
902 |a https://opac.biblio.iteso.mx/vufind/Record/000129955